Tablice Rejestracyjne Województwa Łódzkiego - Statystyki

Ogólne statystyki
  • Ten quiz został rozwiązany 207 razy
  • Średni wynik to 23 z 24
Statystyki odpowiedzi
Powiat Tablica Rejestracyjna % Poprawnych
Łódź EL | ED
99%
bełchatowski EBE
98%
Piotrków Trybunalski EP
98%
Skierniewice ES
98%
tomaszowski ETM
98%
zgierski EZG
98%
łaski ELA
97%
brzeziński EBR
96%
kutnowski EKU
96%
pabianicki EPA
96%
piotrkowski EPI
96%
skierniewicki ESK
96%
wieluński EWI
96%
zduńskowolski EZD
96%
opoczyński EOP
95%
poddębicki EPD
95%
pajęczański EPJ
95%
radomszczański ERA
95%
rawski ERW
95%
sieradzki ESI
95%
łęczycki ELE
94%
łódzki wschodni ELW
94%
wieruszowski EWE
90%
łowicki ELC
85%
Nie znaleziono quizów pasujących do podanych kryteriów
Rozkład punktacji
Procent ludzi z każdym wynikiem
Percentyl według liczby udzielonych odpowiedzi
Twoja historia wyników
Nie rozwiązałeś tego quizu